000 00701nam a2200265Ia 4500
005 20260302115658.0
008 008 260114s9999 xx 000 0 eng d
020 _a9781350074569
037 _aTextbook
040 _aCRL
040 _beng
040 _cCRL
041 _2eng
041 _aeng
084 _qCRL
100 _aAndrea R. English
_91122315
245 2 _aA History of Western Philosophy of Education in the Modern Era
260 _bBloomsbury
260 _bBloomsbury Academic
260 _c2021
650 _aEducation
856 _uhttps://doi.org/10.5040/9781350074569?locatt=label:secondary_bloomsburyCollections
942 _cEBOOK
999 _c1687090
_d1687090